LEADER 02440nam2 22003253i 450 001 VAN0113895 005 20180122024351.427 012 $2fei$ar-ne dila 9.i- feed (C) 1769 (Q)$5VAN 100 $a20180122d1769 |0itac50 ba 101 $aita 102 $aIT 140 $a||||||||| ||||||||| 200 1 $aˆ<<‰Dell'istoria ecclesiastica antica e moderna dalla nascita di Gesu' Cristo sino al principio del presente secolo 18.>> 1.4 205 $a[In Napoli : si dispensa dal librajo Giulio Giannini rimpetto il Gran Teatro Reale, 1769] 210 $a[2]$d1223-1748 p. ; 4º 215 $aTitolo dell'occhietto: Dell'istoria ecclesiastica antica e moderna dalla nascita di Gesu' Cristo sino al principio del presente secolo 18. Vol. 1. Tom. 4 461 1$1001VAN0113887$12001 $aDell'istoria ecclesiastica antica e moderna dalla nascita di Gesu' Cristo sino al principio del presente secolo 18. In cui si considerano la di lei origine, li progressi &c. nella loro connessione collo stato delle lettere, e della filosofia ... compilata dal dottor Giovan Lorenzo Mosemio ... . Illustrata con dotte note critiche da Archibaldo Maclaine in piu' luoghi ... . Tralata dalla lingua inglese nell'idioma toscano dal sig. barone d. Patrizio Roselli, e riveduta ... dal revisore ecclesiastico d. Giulio Lorenzo Selvaggi, ... $1205 $aIn Napoli : si dispensa dal librajo Giulio Giannini rimpetto il Gran Teatro Reale, 1769$1210 $a9 volumi$a4º$1215 $aNel titolo il numero 18. è espresso: XVIII$v1.4 620 $dNapoli$3VANL000005 700 1$aMosheim$bJohann Lorenz$f1693-1755$3VANV087979$0546803 702 1$aRoselli$bPatrizio$3VANV087980$4730 702 1$aMaclaine$bArchibald$3VANV087982 712 02$aGiannini, Giulio$3VANV087983 790 1$aMoshemius, Johannes Laurentius$zMosheim, Johann Lorenz <1693-1755>$3VANV087984 801 $aIT$bSOL$c20231124$gRICA 856 4 $uhttps://books.google.it/books?id=9deotlv5YYcC&printsec=frontcover&hl=it#v=onepage&q&f=false$zVolume digitalizzato. 899 $aBIBLIOTECA DEL DIPARTIMENTO DI GIURISPRUDENZA$1IT-CE0105$2VAN00 912 $aVAN0113895 950 $aBIBLIOTECA DEL DIPARTIMENTO DI GIURISPRUDENZA$d00LAURIA BL.700.261 1.4 $e00BL 2346 20180122 996 $aDell'istoria ecclesiastica antica e moderna dalla nascita di Gesu' Cristo sino al principio del presente secolo 18. 1.4$91521109 997 $aUNICAMPANIA